| 000 | 00556nam a2200193Ia 4500 | ||
|---|---|---|---|
| 003 | GCL | ||
| 008 | 140319s9999 xx 000 0 eng d | ||
| 040 |
_aGCL / _cGCL |
||
| 082 | 0 | 4 |
_a510.285 _bS T |
| 100 | 1 | _aSHUCHAT, ALAN | |
| 245 | 1 | 0 |
_aTHE JOY OF MATHEMATICA A POINT AND CLICK WAY TO USE AND LEARN MATHEMATICA / _cSHUCHAT, ALAN |
| 700 | 1 | _aSHULTZ, FRED | |
| 260 |
_a[S.N] : _bADDISON - WESLEY PUBLISHING COMPANY ، _c1994 |
||
| 300 | _a318 P | ||
| 650 | 0 | 4 | _aCOMPUTER FILE |
| 650 | 0 | 4 | _aDATA PROCESSING |
| 650 | 0 | 4 | _aMATHEMATICS |
| 942 |
_2ddc _cBK |
||
| 999 |
_c23726 _d23726 |
||